MARC

LEADER 00000nam2a2200000 4500
001 21035
005 20231101205410.0
035 |a (RuTPU)RU\TPU\book\21230 
035 |a BOOK00021300 
090 |a 21035 
100 |a 20011209d1960 km y0rusy50 ca 
101 0 |a rus 
102 |a RU 
105 |a a z 000zd 
200 0 |a Т. 5 : Русское искусство первой половины XVIII века 
210 |d 1960 
215 |a 570 с.  |c ил. 
461 1 |0 (RuTPU)RU\TPU\book\67483  |t История русского искусства  |o В 12 т.  |f под ред. И. Э. Грабаря  |v Т. 5 : Русское искусство первой половины XVIII века  |d 1953-1964 
600 1 |a Растрелли  |g Бартоломео Карло  |b Б. К.  |c скульптор  |f 1675-1744  |c по происхождению итальянец  |2 stltpui  |3 (RuTPU)RU\TPU\pers\1357 
600 1 |a Вишняков  |b И. Я.  |c российский живописец  |f 1699-1761  |g Иван Яковлевич  |2 stltpush  |3 (RuTPU)RU\TPU\pers\13319  |9 3974 
600 1 |a Антропов  |b А. П.  |c русский художник  |c живописец-портретист  |f 1716-1795  |g Алексей Петрович  |2 stltpush  |3 (RuTPU)RU\TPU\pers\11950  |9 3058 
600 1 |a Аргунов  |b И. П.  |c русский крепостной художник  |c портретист  |f 1729-1802  |g Иван Петрович  |2 stltpush  |3 (RuTPU)RU\TPU\pers\11951  |9 3059 
606 1 |a Искусство  |x История  |2 stltpush  |3 (RuTPU)RU\TPU\subj\13188  |9 39839 
610 1 |a искусство 
610 1 |a история 
610 1 |a изобразительное искусство 
610 1 |a русское искусство 
610 1 |a живопись 
610 1 |a скульптура 
610 1 |a архитектура 
610 1 |a 18 век 
610 1 |a прикладное искусство 
610 1 |a графика 
610 1 |a гравюры 
675 |a 7.03  |v 3 
801 0 |a RU  |b 63413507  |c 20011209  |g PSBO 
801 2 |a RU  |b 63413507  |c 20221103  |g PSBO 
942 |c BK